The young Derrida and French Philosophy 1945-1968

Saved in:
Bibliographic Details
Main Author: BARING, Edward
Format: Book
Language:English
Published: Cambridge University Press 2013
Tags: Add Tag
No Tags, Be the first to tag this record!

MARC

LEADER 00000nam a22000007a 4500
008 210811b ||||| |||| 00| 0 eng d
020 |a 9781107674622 
100 |a BARING, Edward 
245 |a The young Derrida and French Philosophy 1945-1968  |c Edward Baring  |g xi,326p. 
260 |b Cambridge University Press  |c 2013  |h Cambridge  |i 696798  |i 696799  |l B2430.D484B23  |m Derrida, Jacques  |m Philosophy, French20th century 
500 |a Its includes bibliography and index 
942 |a lcc  |c BK  |e Kuteyi M. A.  |f 11/8/2021 
952 |0 0  |1 0  |2 lcc  |4 0  |6 B2430 D484 B23  |7 0  |9 2978  |a HOL  |b HOL  |c AF  |d 2021-08-11  |l 0  |o B2430.D484B23  |p 2021-66654  |r 2021-08-11 00:00:00  |w 2021-08-11  |y BK 
952 |0 0  |1 0  |2 lcc  |4 0  |6 B2430 D484 B23  |7 0  |9 2979  |a HOL  |b ED  |c AF  |d 2021-08-11  |l 0  |o B2430.D484B23  |p 2021-66655  |r 2021-08-11 00:00:00  |w 2021-08-11  |y BK 
999 |c 1508  |d 1508